Общественное здоровье и здравоохранение: актуальные проблемы (Запись № 11031304)

Подробности
000 -МАРКЕР
контрольное поле 01918nam0a2200313 i 4500
001 - ИДЕНТИФИКАТОР ЗАПИСИ
контрольное поле RU\NLR\BIBL_A\011312956
005 - ИДЕНТИФИКАТОР ВЕРСИИ
контрольное поле 20260405212208.0
010 ## - МЕЖДУНАРОДНЫЙ СТАНДАРТНЫЙ НОМЕР КНИГИ (ISBN)
Номер (ISBN) 9785434306072
Тираж 200
021 ## - НОМЕР ГОСУДАРСТВЕННОЙ РЕГИСТРАЦИИ
Код страны российская федерация
Номер 2016-96882
Номер Листа государственной регистраци 6425
035 ## - ДРУГИЕ СИСТЕМНЫЕ НОМЕРА
Идентификатор записи (NLR Aleph) 011312956
100 ## - ДАННЫЕ ОБЩЕЙ ОБРАБОТКИ
Данные общей обработки 20170120d2016 u y0rusy50 ca
101 0# - ЯЗЫК РЕСУРСА
Язык текста, звукозаписи и т.д. русский
102 ## - СТРАНА ПУБЛИКАЦИИ ИЛИ ПРОИЗВОДСТВА
Страна публикации российская федерация
105 ## - ПОЛЕ КОДИРОВАННЫХ ДАННЫХ: ТЕКСТОВЫЕ МАТЕРИАЛЫ, МОНОГРАФИЧЕСКИЕ
Кодированные данные о монографическом текстовом документе y z 000zy
200 1# - ЗАГЛАВИЕ И СВЕДЕНИЯ ОБ ОТВЕТСТВЕННОСТИ
Основное заглавие Общественное здоровье и здравоохранение: актуальные проблемы
Сведения, относящиеся к заглавию коллективная монография
-- [сборник статей]
Первые сведения об ответственности М-во образования и науки РФ, Федер. гос. бюджет. образоват. учреждение высш. образования "Тамб. гос. ун-т им. Г.Р. Державина", Каф. обществ. здоровья и здравоохранения
Последующие сведения об ответственности [отв. ред.: к.м.н. Чернышев Андрей Валентинович]
210 ## - ПУБЛИКАЦИЯ, РАСПРОСТРАНЕНИЕ И ДР.
Место издания, распространения и т.д. Тамбов
Имя издателя, распространителя и т. д. Бизнес-Наука-Общество
Дата издания, распространения и т.д. 2016
215 ## - ФИЗИЧЕСКАЯ ХАРАКТЕРИСТИКА
Специфическое обозначение материала и объем 166 с.
Другие сведения о физической характеристике ил.
Размеры 20
606 ## - НАИМЕНОВАНИЕ ТЕМЫ КАК ПРЕДМЕТ
Наименование темы Здоровье
Географический подзаголовок Российская Федерация
Системный номер авторитетной/нормативной записи 2097786
Идентификатор авторитетной/нормативной записи RU\NLR\AUTH\661269094
606 1# - НАИМЕНОВАНИЕ ТЕМЫ КАК ПРЕДМЕТ
Наименование темы Здравоохранение
Географический подзаголовок Российская Федерация
Системный номер авторитетной/нормативной записи 2079637
Идентификатор авторитетной/нормативной записи RU\NLR\AUTH\661255528
686 1# - ИНДЕКСЫ ДРУГИХ КЛАССИФИКАЦИЙ
Индекс Р11(2)0
686 1# - ИНДЕКСЫ ДРУГИХ КЛАССИФИКАЦИЙ
Индекс Р11(2)
702 #1 - ИМЯ ЛИЦА - ВТОРИЧНАЯ ОТВЕТСТВЕННОСТЬ
Код отношения Редактор
Материалы, к которым относится поле rus
Графика поля Кириллица
Начальный элемент ввода Чернышев
Часть имени, кроме начального элемента ввода А. В.
Дополнения к именам, кроме дат канд. мед. наук
Даты 1970-
Расширение инициалов личного имени Андрей Валентинович
Идентификатор авторитетной/нормативной записи RU\NLR\AUTH\7795301
Системный номер авторитетной/нормативной записи 78227
712 02 - НАИМЕНОВАНИЕ ОРГАНИЗАЦИИ - ВТОРИЧНАЯ ОТВЕТСТВЕННОСТЬ
Код отношения Прочие
Начальный элемент ввода Тамбовский государственный университет им. Г. Р. Державина
Структурное подразделение Медицинский институт
-- Кафедра общественного здоровья и здравоохранения
Системный номер авторитетной/нормативной записи 545774
Идентификатор авторитетной/нормативной записи RU\NLR\AUTH\880440815
942 ## - ДОПОЛНИТЕЛЬНЫЕ ЭЛЕМЕНТЫ ЗАПИСИ (АБИС)
Тип экземпляра АБИС Книга
980 ## - КОЛЛЕКЦИЯ
Название коллекции НБР

Нет доступных экземпляров.